Vista normal
Vista MARC
Entrada Nombre personal
Número de registros utilizados en: 4
001 - NÚMERO DE CONTROL
- campo de control: 513786
003 - IDENTIFICADOR DEL NÚMERO DE CONTROL
- campo de control: CO-MdUADB
005 - FECHA Y HORA DE LA ÚLTIMA TRANSACCIÓN
- campo de control: 20231212210504.0
008 - DATOS DE LONGITUD FIJA
- campo de control de longitud fija: 230418nn aznnnabb| a aaa d
024 ## - IDENTIFICADOR DE OTROS ESTÁNDARES
- Número de control del registro de autoridad o número normalizado: 3844053
- URI de un objeto del mundo real: viaf.org/viaf/3844053
- Fuente: viaf
040 ## - FUENTE DE LA CATALOGACIÓN
- Centro catalogador/agencia de origen: CO-MdUADB
- Lengua de catalogación: spa
- Centro/agencia transcriptor: CO-MdUADB
- Normas de descripción: rda
100 1# - ENCABEZAMIENTO-NOMBRE DE PERSONA
- Nombre de persona: Gómez Gómez, Elsa

